000 009120000a22002770004500
003 LK-CoMWRAF
005 20231127104920.0
008 230817t2004 ||||| |||| 00| 0 eng d
020 _a0855985283
040 _aLK-CoMWRAF
_dLK-CoMWRAF
_eLK-CoMWRAF
041 _aeng
082 _a323.34
_bGEN
245 _aGender, citizenship and governance :
_ba global source book
260 _aOxford:
_bOxford GB,
_c2004
300 _a104 p. ; 24 cm.
_bBibliography included
490 _aGender, society & development.
490 _aCritical reviews and annotated bibliographies series
650 _aEquality before the law
650 _aWomen -- Developing countries
650 _aEquality - Developing countries
700 _a Valk, Minke
_eed.
700 _aCummings, Sarah
_eed.
700 _avan Dam, Henk
_eed.
856 _uhttps://www.kit.nl/wp-content/uploads/2018/08/445_Gender.7.pdf
942 _cBK
999 _c320
_d320